000
00320nam a2200121Ia 4500
008
220204s9999 xx 000 0 und d
082
_b
LEE
245
0
_a
Quantitative mass spectrometry in life scienes.
260
_a
Amsterdam
_b
Elsevier
_c
1978
650
_a
Mass spectrometry
700
_a
LEENHEER, A P De
942
_c
BK
999
_c
31718
_d
31718